000 00363nam a2200145Ia 4500
008 240624s9999 xx 000 0 und d
041 _aeng
082 _a658.15 PAN
100 _aPANDEY I M
245 _aCASES IN FINANCIAL MANAGEMENT
250 _a(2nd ed.)
260 _c2004
_aNew Delhi
_bTata McGrawhill
300 _axviii, : 613 : p. : cm. ; 23
365 _cRS
999 _c599
_d599